000
00263nam a22001217a 4500
999
_c
168320
_d
168320
082
_a
_b
245
_a
Post colonial literary studies/
_c
by Neil Lzarus (ed.).
260
_a
_b
Cambridge,
_c
2004.
300
_a
304p.
600
_a
650
_a
942
_c
BK